000
00249nam a2200097Ia 4500
001
673190
005
20250826160858.0
008
250824s9999 xx 000 0 und d
245
0
_a
KIRAN KIRANA ZEKA SORULARI
_c
ŞAKİR URAL
260
_b
TİMAŞ YAYINLARI
999
_c
673190
_d
673190